Normal view
MARC view
- Halbaut Bellowa, Lyda
Entry Nombre Personal
001 - NUMERO DE CONTROL
- campo de control: 49665
003 - IDENTIFICADOR DE NUMERO DE CONTROL
- campo de control: UPN
005 - FECHA Y HORA DE LA ÜLTIMA TRANSACCIÓN
- campo de control: 20230808105036.0
008 - DATOS DE LONGITUD FIJA
- campo de control de longitud fija: 230808|| acn||aabn | a|a d
024 7# - OTROS IDENTIFICADORES NORMALIZADOS
- Fuente: orcid
- Número normalizado o código: https://orcid.org/0000-0002-6080-5340
040 ## - FUENTE DE CATALOGACIÓN
- Agencia original de catalogación: MX-MxUPN
100 ## - ENCABEZAMIENTO - NOMBRE PERSONAL
- Nombre personal: Halbaut Bellowa, Lyda
370 ## - LUGAR ASOCIADO
- Associated country: España
371 ## - DIRECCIÓN
- Electronic mail address: halbaut@ub.edu
372 ## - CAMPO DE ACTIVIDAD
- Field of activity: Farmacia galénica. Tecnología farmacéutica. Innovación docente.
373 ## - GRUPO ASOCIADO
- Associated group: Universitat de Barcelona. Facultat de Farmàcia i Ciències de l'Alimentació.
374 ## - OCUPACIÓN
- Occupation: Profesora - investigadora universitaria
- Occupation: Grupo de innovación docente consolidado de tecnología farmacéutica
670 ## - FUENTE EN LA QUE SE LOCALIZARON DATOS
- Cita de la fuente: En sitio web: Universitat de Barcelona
- Información localizada: (Lyda Halbaut Bellowa)
- Uniform Resource Identifier: https://webgrec.ub.edu/webpages/000003/cas/halbaut.ub.edu.html
902 ## - CATALOGADOR
- Catalogador: Leonor Sotres/080823
